Подробности
| 000 -МАРКЕР |
| контрольное поле |
02604nam2a22003251 4500 |
| 001 - ИДЕНТИФИКАТОР ЗАПИСИ |
| контрольное поле |
v19\rc\2099011 |
| 005 - ИДЕНТИФИКАТОР ВЕРСИИ |
| контрольное поле |
20260406112156.0 |
| 035 ## - ДРУГИЕ СИСТЕМНЫЕ НОМЕРА |
| Идентификатор записи |
(NLR Aleph) 005280445 |
| 100 ## - ДАННЫЕ ОБЩЕЙ ОБРАБОТКИ |
| Данные общей обработки |
20090914d1816 m y0rusy50 ca |
| 101 1# - ЯЗЫК РЕСУРСА |
| Язык текста, звукозаписи и т.д. |
русский |
| Язык оригинала |
французский |
| 102 ## - СТРАНА ПУБЛИКАЦИИ ИЛИ ПРОИЗВОДСТВА |
| Страна публикации |
Российская Федерация |
| 140 ## - ПОЛЕ КОДИРОВАННЫХ ДАННЫХ: СТАРОПЕЧАТНЫЕ ИЗДАНИЯ - ОБЩАЯ ИНФОРМАЦИЯ |
| Кодированные данные о старопечатном издании - Основные |
y y aa zzyaa0000 |
| 200 1# - ЗАГЛАВИЕ И СВЕДЕНИЯ ОБ ОТВЕТСТВЕННОСТИ |
| Основное заглавие |
О внутреннем мире |
| Сведения, относящиеся к заглавию |
в четырех книгах, содержащих I. О превосходстве сего мира, II. О препятствиях оному, III. О средствах к приобретению онаго, IV. Практику пути сего. |
| Первые сведения об ответственности |
Сочинение о. Амвросия Ломбеза. |
| Последующие сведения об ответственности |
Перевод с французскаго |
| 215 ## - ФИЗИЧЕСКАЯ ХАРАКТЕРИСТИКА |
| Специфическое обозначение материала и объем |
[6], V, [1] 3-300, [2] с. |
| 316 ## - ПРИМЕЧАНИЯ ОБ ОСОБЕННОСТЯХ ЭКЗЕМПЛЯРА |
| Текст примечания |
Экз. РНБ (18.86.5.30(2)) в состав. картон. пер., оклеенном серо-синей мрамор. бумагой, с кожаными коричневыми корешком и уголками. Корешок гладкий с золотым тиснением, кожа сильно осыпалась, позолота частично утрачена. На корешке вытиснен суперэкслибрис ИПБ. Верхняя крышка пер. отходит от корешка. На нижней крышке пер. экслибрис с шифром РНБ. На форзаце ярлык с шифром РНБ. Правая часть форцаза оторвана. На с.[3], [5] штамп-экслибрис ИБ в венке с короной. На с.[3], 33 и 300 круглый штамп ГПБ. |
| Организация и экземпляр, к которому относится поле |
NLR: 18.86.5.30(2) |
| 461 #0 - УРОВЕНЬ НАБОРА |
| Встроенное поле |
001RU\NLR\BIBL_A\022716032 |
| -- |
2001#$aПутеводитель к совершенству жизни христианской$vЧ.2 |
| Системный номер (АБИС) связанной записи |
13545514 |
| Место публикации |
Санктпетербург |
| Дата публикации |
1816 |
| Имя издателя, распространителя и т.д. |
в Моской типографии |
| Заглавие |
Путеводитель к совершенству жизни христианской |
| Номер тома |
Ч.2 |
| 700 #0 - ИМЯ ЛИЦА - ПЕРВИЧНАЯ ОТВЕТСТВЕННОСТЬ |
| Связь между полями |
z02790 |
| Начальный элемент ввода |
Амбруаз де Ломбез |
| Даты |
1708-1778 |
| Код отношения |
Автор |
| 702 #1 - ИМЯ ЛИЦА - ВТОРИЧНАЯ ОТВЕТСТВЕННОСТЬ |
| Код отношения |
Переводчик |
| -- |
Автор введения, предисловия, примечания и т.п. |
| Материалы, к которым относится поле |
rus |
| Графика поля |
Кириллица |
| Начальный элемент ввода |
Лабзин |
| Часть имени, кроме начального элемента ввода |
А. Ф. |
| Даты |
1766-1825 |
| Расширение инициалов личного имени |
Александр Федорович |
| Идентификатор авторитетной/нормативной записи |
RU\NLR\AUTH\77127147 |
| Системный номер авторитетной/нормативной записи |
110071 |
| 790 #0 - ИМЯ ЛИЦА - АЛЬТЕРНАТИВНАЯ ФОРМА |
| Связь между полями |
z01702 |
| Начальный элемент ввода |
У.М. |
| 790 #1 - ИМЯ ЛИЦА - АЛЬТЕРНАТИВНАЯ ФОРМА |
| Связь между полями |
z02700 |
| Начальный элемент ввода |
Ломбез |
| Часть имени, кроме начального элемента ввода |
А. |
| Расширение инициалов личного имени |
Амвросий |
| 801 #0 - ИСТОЧНИК ЗАПИСИ |
| Страна |
Российская Федерация |
| Организация |
NLR |
| Дата составления |
20090914 |
| Правила каталогизации |
psbo |
| 801 #1 - ИСТОЧНИК ЗАПИСИ |
| Страна |
Российская Федерация |
| Организация |
ProSoft-M |
| Дата составления |
20090914 |
| Источник данных |
rusmarc |
| 801 #2 - ИСТОЧНИК ЗАПИСИ |
| Страна |
Российская Федерация |
| Организация |
NLR |
| Дата составления |
20100818 |
| Источник данных |
rusmarc |
| 852 ## - МЕСТОНАХОЖДЕНИЕ И ШИФР ХРАНЕНИЯ |
| Идентификатор организации |
NLR |
| Шифр хранения (Call Number) |
18.86.5.30(2) |
| 852 ## - МЕСТОНАХОЖДЕНИЕ И ШИФР ХРАНЕНИЯ |
| Идентификатор организации |
NLR |
| Наименование фонда или коллекции (Sub-Location Identifier) |
РЗФ |
| Шифр хранения (Call Number) |
18 в. 5/109 (ч.2) |
| 852 ## - МЕСТОНАХОЖДЕНИЕ И ШИФР ХРАНЕНИЯ |
| Идентификатор организации |
NLR |
| Наименование фонда или коллекции (Sub-Location Identifier) |
РЗФ |
| Шифр хранения (Call Number) |
18 в. 5/109а (ч.2) |
| 942 ## - ДОПОЛНИТЕЛЬНЫЕ ЭЛЕМЕНТЫ ЗАПИСИ (АБИС) |
| Тип экземпляра АБИС |
Книга |
| 980 ## - КОЛЛЕКЦИЯ |
| Название коллекции |
Национальная библиография |